000 00514nam a2200193Ia 4500
005 20250923144706.0
008 008 250917s9999 xx 000 0 eng d
037 _aTextual
040 _aDSWL
_beng
_cDSWL
041 _aeng
_2eng
084 _aX:9x2,N, N5g1
_qDSWL
245 0 _aHandbook of Tuparlite deceisions
_cby AITUC
260 _bAITUC Publication
_c1959
300 _aii,72p.
365 _aINR
_b1.50
925 _g1.50
942 _cTEXL
_hX:9x2,N, N5g1
999 _c1442127
_d1442127